ბათუმის შოთა რუსთაველის სახელმწიფო უნივერსიტეტის ბიბლიოთეკა

History of Art in Japan / (ბიბ.ჩანაწერი № 64004)

000 -ლიდერი
ფიქსირებული სიგრძის საკონტროლო ველი 00693nam a22001937a 4500
003 - საკონტროლო ნომრის იდენტიფიკატორი
საკონტროლო ველი Ge_BSU
005 - ბოლო ოპერაციის თარიღი და დრო
საკონტროლო ველი 20260306172510.0
008 - ფიქსირებული სიგრძის მონაცემთა ელემენტები - ზოგადი ინფორმაცია
ფიქსირებული სიგრძის საკონტროლო ველი 260306s2019 enk||||| |||| 00| 0 eng d
020 ## - წიგნის საერთაშორისო სტანდარტული ნომერი
International Standard Book Number 9780231193412x
041 ## - ენის კოდი
Language code of text/sound track or separate title eng
080 ## - უნივერსალური ათობითი კლასიფიკაციის ინდექსი
Universal Decimal Classification number 7(520) N-73
100 ## - მთავარი ჩანაწერი - პიროვნების სახელი
Personal name Nobuo, Tsuji
9 (RLIN) 27076
245 ## - ცნობა სათაურის შესახებ
Title History of Art in Japan /
Statement of responsibility, etc Nobuo Tsuji; Translated by Nicole Coolidge Rousmaniere.
264 ## - წარმოების, გამოცემის, დისტრიბუციის და სხვა ცნობები
გამოცემის, წარმოების, დისტრიბუციის... ადგილი New York :
გამოცემის, წარმოების, დისტრიბუციის... სახელწოდება Columbia University Press,
გამოცემის, წარმოების, დისტრიბუციის... თარიღი 2019.
300 ## - ფიზიკური აღწერა
Extent 635 p.:
Other physical details ill.;
Dimensions 23 cm.
653 ## - INDEX TERM--UNCONTROLLED
Uncontrolled term ხელოვნების ისტორია იაპონიაში
700 ## - ADDED ENTRY--PERSONAL NAME
Personal name Rousmaniere, Nicole Coolidge
Relator term მთარგმნელი
9 (RLIN) 27077
942 ## - ADDED ENTRY ELEMENTS (KOHA)
Source of classification or shelving scheme
Koha item type წიგნი
ეგზემპლარები
ჩამოწერის სტატუსი დაკარგული ეგზემპლარის სტატუსი კლასიფიკაციის წყარო ან თაროზე გაწყობის სქემა დაზიანების სტატუსი არ გაიცემა მუდმივი მდებარეობა (დაცვის ადგილი) ამჟამინდელი ადგილსამყოფელი თაროზე განთავსების ადგილი შეძენის თარიღი ღირებულება, შესყიდვის ნორმალური ფასი სრული შენახვის შიფრი შტრიხკოდი ბოლო ოპერაციის თარიღი ეგზემპლარის მიმდევრობითი ნომერი (კეტერი?) Uniform Resource Identifier ფასის ძალაში შესვლის თარიღი ეგზემპლარის სახეობა საჯარო შენიშვნა
          ბათუმის შოთა რუსთაველის სახელმწიფო უნივერსიტეტის მთავარი ბიბლიოთეკა ბათუმის შოთა რუსთაველის სახელმწიფო უნივერსიტეტის მთავარი ბიბლიოთეკა წიგნსაცავი 2026-03-06 20.00 7(520) N-73 73887 2026-03-06 73887 იაპონის ელჩის საჩუქარი 2026-03-06 წიგნი 20 ლ.